| Tag |
First Indicator |
Second Indicator |
Subfields |
| LEADER |
00000pam a2200000 a 4500 |
| 001 |
in00000097119 |
| 005 |
20150924085020.0 |
| 008 |
820107s1982 maua b 00110 eng |
| 010 |
|
|
|a 81048004
|
| 020 |
|
|
|a 0669052337
|
| 035 |
|
|
|a (OCoLC)08132447
|
| 035 |
|
|
|9 AAK8993AM
|
| 039 |
0 |
|
|a 2
|b 3
|c 3
|d 3
|e 3
|
| 040 |
|
|
|a DLC
|c DLC
|d TXA
|d UtOrBLW
|
| 049 |
|
|
|a TXAM
|c [388903]
|
| 050 |
0 |
0 |
|a TK6580
|b B25 1982
|
| 082 |
0 |
|
|a 621.3848/1
|2 19
|
| 100 |
1 |
|
|a Bachman, Christian G.,
|d 1931-
|
| 245 |
1 |
0 |
|a Radar sensor engineering /
|c Christian G. Bachman.
|
| 264 |
|
1 |
|a Lexington, Mass. :
|b Lexington Books,
|c [1982]
|
| 264 |
|
4 |
|c ©1982
|
| 300 |
|
|
|a xvi, 284 pages :
|b illustrations ;
|c 24 cm.
|
| 336 |
|
|
|a text
|b txt
|2 rdacontent
|
| 337 |
|
|
|a unmediated
|b n
|2 rdamedia
|
| 338 |
|
|
|a volume
|b nc
|2 rdacarrier
|
| 504 |
|
|
|a Includes bibliographical references and index.
|
| 650 |
|
0 |
|a Radar.
|
| 999 |
|
|
|a MARS
|
| 999 |
f |
f |
|s 8b710094-72e2-3bad-aebb-c76fafc9d541
|i 9e53ce73-f3c2-34fb-9f2a-3fb5770a01c1
|t 0
|
| 952 |
f |
f |
|p ric
|a Texas A&M University
|b Rellis Campus
|c Joint Library Facility
|d Remote Storage
|t 0
|e TK6580 B25 1982
|h Library of Congress classification
|i unmediated -- volume
|m A14806040869
|
| 998 |
f |
f |
|a TK6580 B25 1982
|t 0
|l Remote Storage
|